| 000 | 00578cab a2200217 4500 | ||
|---|---|---|---|
| 001 | WB2642-16 | ||
| 008 | 090401t1990 xxu||||| |||| 00| 0 eng d | ||
| 035 | _a(Sirsi) u2871 | ||
| 041 | _aeng | ||
| 245 | _aProperty opens first Italian office | ||
| 260 | _c1990 | ||
| 350 | _a0 | ||
| 490 |
_aEstates Times _vno 1069 19/10/90 p2 |
||
| 520 | _aJones Lang Wootton has opened its first Italian office in Milan | ||
| 650 | _aABOUT RICS-RICS MEMBERS | ||
| 650 | _aCOMMERCIAL AGENCY | ||
| 650 | _aITALY | ||
| 690 | _aEUROPE-SINGLE MARKET | ||
| 942 | _n0 | ||
| 948 | _c04/03/1997 | ||
| 999 |
_c1727 _d1727 |
||